000 00389nam a2200169Ia 4500
005 20240624100454.0
008 131103s9999 xx 000 0 und d
040 _aLoreto College
041 _aEnglish
082 _a745
_bNCE
245 _aElementary doll making
260 _aDelhi
_bN.C.E.R.T.
_c1967
300 _a116p.
_b ill.
650 _aCrafts
850 _aLCBED
942 _cBK
999 _c30148
_d80627